La storia del diritto nel quadro delle scienze storiche

I tiakina i:
Ngā taipitopito rārangi puna kōrero
Kaituhi rangatōpū: Società Italiana di storia del diritto (Author)
Hōputu: Pukapuka
Reo:Pāniora
I whakaputaina: Florencia Società Italiana di storia del diritto 1966
Ngā marau:
Ngā Tūtohu: Tāpirihia he Tūtohu
Kāore He Tūtohu, Me noho koe te mea tuatahi ki te tūtohu i tēnei pūkete!

MARC

LEADER 00000nam a2200000 a 4500
001 UCS7851
003 CL-VaPUC
005 20211216074442.0
008 971024e19660000it 1 spa d
082 0 4 |a 340.094  |b SOC  |2 21 
110 2 |a Società Italiana di storia del diritto  |e author  |9 618580 
245 1 3 |a La storia del diritto nel quadro delle scienze storiche 
260 |a Florencia  |b Società Italiana di storia del diritto  |c 1966 
300 |a 546 p 
583 |a last modification  |c 19971024 00:00:00  |k Rodrigo Vera 
650 0 0 |a Historia del derecho  |9 255109 
650 0 7 |a DERECHO ANTIGUO  |2 CL-VaPUC  |9 618581 
650 0 0 |a Derecho medieval  |9 314261 
650 0 0 |a Renacimiento  |9 255107 
650 0 0 |a Edad moderna  |9 350383 
651 0 |a Europa  |9 255156 
942 |c BK 
945 |a aolguin  |d 19971024 00:00:00 
546 |a En Español 
518 |p Congreso Internazionale della Società Italiana di storia del diritto, 1, Florencia 
999 |c 383027  |d 383025 
952 |0 0  |1 0  |4 0  |6 340_094000000000000_SOC_1966  |7 0  |8 DER_HIS  |9 505011  |a BIBDER  |b BIBDER  |d 2020-01-23  |i 1889389  |o 340.094 SOC 1966  |p 1889389  |r 2023-01-25  |w 2020-01-23  |x Ubicación 4to Piso  |y BK  |z Estos recursos deben solicitarse con anticipación  |k DER